| Tag |
First Indicator |
Second Indicator |
Subfields |
| LEADER |
00000cam a2200000 a 4500 |
| 001 |
in00000087276 |
| 005 |
20151008062858.0 |
| 008 |
801121s1980 enk bd 00010 engmd |
| 010 |
|
|
|a 79091477
|
| 020 |
|
|
|a 0715374397
|
| 020 |
|
|
|a 0389201545 (U.S.)
|
| 035 |
|
|
|a (OCoLC)06964610
|
| 035 |
|
|
|9 AAK1122AM
|
| 040 |
|
|
|a UIU
|c UIU
|d m.c.
|d VTU
|d OCL
|d TXA
|d UtOrBLW
|
| 043 |
|
|
|a e-uk---
|
| 049 |
|
|
|a TXAC
|c [1503156]
|
| 090 |
|
|
|a G105
|b F5
|
| 092 |
|
|
|a 914.103
|b F456p
|
| 100 |
1 |
|
|a Field, John,
|d 1921-1991.
|
| 245 |
1 |
0 |
|a Place-names of Great Britain and Ireland /
|c John Field.
|
| 264 |
|
1 |
|a Newton Abbot :
|b David & Charles ;
|a Totowa, N.J. :
|b Barnes & Noble,
|c 1980.
|
| 300 |
|
|
|a 208 pages ;
|c 22 cm.
|
| 336 |
|
|
|a text
|b txt
|2 rdacontent
|
| 337 |
|
|
|a unmediated
|b n
|2 rdamedia
|
| 338 |
|
|
|a volume
|b nc
|2 rdacarrier
|
| 504 |
|
|
|a Bibliography: 207-208.
|
| 650 |
|
0 |
|a Names, Geographical
|z Great Britain
|x Dictionaries.
|
| 650 |
|
0 |
|a Names, Geographical
|z Ireland
|x Dictionaries.
|
| 999 |
|
|
|a MARS
|
| 999 |
f |
f |
|s e166a822-0ec0-3472-a988-93e7361e83fb
|i 9eb89b7c-eb0c-3d03-b9e3-0791be35741b
|t 0
|
| 952 |
f |
f |
|p noncirc
|a Texas A&M University
|b College Station
|c Cushing Memorial Library & Archives
|d Cushing: Rare Books (Does not check out)
|t 0
|e G105 .F5
|h Library of Congress classification
|i unmediated -- volume
|m A14813753855
|
| 952 |
f |
f |
|p normal
|a Texas A&M University
|b College Station
|c Sterling C. Evans Library
|d Evans: Maps (2nd floor)
|t 0
|e G105 .F5
|h Library of Congress classification
|i unmediated -- volume
|m A14812651856
|
| 998 |
f |
f |
|a G105 .F5
|t 0
|l Evans: Maps (2nd floor)
|
| 998 |
f |
f |
|a G105 .F5
|t 0
|l Cushing: Rare Books (Does not check out)
|